Statistics for Cities in a foreign language

Click here to take the quiz!

General Stats

  • This quiz has been taken 53 times
  • The average score is 10 of 15

Answer Stats

CityLanguageEnglish name% Correct
WienGermanVienna
100%
RiadSpanishRiyadh
88%
LioneItalianLyon
85%
RangúnCzechYangon
81%
DanziguePortugueseGdansk
77%
VarsovieFrenchWarsaw
71%
JerewanGermanYerevan
71%
VelenceHungarianVenice
63%
GinebraSpanishGeneva
60%
CurychCzechZurich
58%
Monaco di BavieraItalianMunich
56%
JaundeGermanYaounde
56%
Ciudad del CaboSpanishCape Town
54%
Dùn ÈideannGaelicEdinburgh
52%
JórvíkIcelandicYork
50%

Score Distribution

Percentile by Number Answered

Percent of People with Each Score

Your Score History

You have not taken this quiz